| 000 | 00743nam a2200217 i 4500 | ||
|---|---|---|---|
| 001 | 187578 | ||
| 003 | ES-MaACL | ||
| 005 | 20231218203531.0 | ||
| 008 | 171130s2016 sp 001 fdspa | ||
| 020 | _a978-84-672-6790-7 | ||
| 080 | _a821.134.2-31"19" | ||
| 100 | 1 |
_aLaforet, Carmen, _d1921-2004 _969515 |
|
| 245 | 1 | 0 |
_aNada / _cCarmen Laforet. |
| 260 |
_aBarcelona : _bCírculo de Lectores, _c[2016] |
||
| 300 |
_a276 p. ; _c22 cm + _e1 folleto (15 p.) |
||
| 501 | _aAcompañado de: Una escritora, una novela, una época. Carmen Laforet, Nada / edición de Ana Cabello. | ||
| 700 | 1 |
_aCabello, Ana. _9164002 |
|
| 852 |
_aES-MaACL _jA-14098 _9194664 _bR.151471 _cDEPO1 _dOlim: N-7098 |
||
| 942 |
_2udc _cMONOGRAFIA |
||
| 999 |
_c187578 _d187578 |
||